Сборник информационных листков холодного, метательного оружия и изделий, конструктивно сходных с таким оружием, прошедших сертификационные криминалистические испытания в 1999 году (Запись № 1071977)

Подробности
000 -МАРКЕР
контрольное поле 02002nam0a2200361 4500
001 - ИДЕНТИФИКАТОР ЗАПИСИ
контрольное поле RU\NLR\bibl\189003
005 - ИДЕНТИФИКАТОР ВЕРСИИ
контрольное поле 20250619085137.0
010 ## - МЕЖДУНАРОДНЫЙ СТАНДАРТНЫЙ НОМЕР КНИГИ (ISBN)
Номер (ISBN) 5-9286-0042-9
Тираж 1050
021 ## - НОМЕР ГОСУДАРСТВЕННОЙ РЕГИСТРАЦИИ
Код страны российская федерация
Номер 2001-1140
Номер Листа государственной регистраци 61
035 ## - ДРУГИЕ СИСТЕМНЫЕ НОМЕРА
Идентификатор записи (NLR Aleph) 000185539
100 ## - ДАННЫЕ ОБЩЕЙ ОБРАБОТКИ
Данные общей обработки 20010913d2000 |||y0rusy50 ca
101 0# - ЯЗЫК РЕСУРСА
Язык текста, звукозаписи и т.д. русский
102 ## - СТРАНА ПУБЛИКАЦИИ ИЛИ ПРОИЗВОДСТВА
Страна публикации российская федерация
105 ## - ПОЛЕ КОДИРОВАННЫХ ДАННЫХ: ТЕКСТОВЫЕ МАТЕРИАЛЫ, МОНОГРАФИЧЕСКИЕ
Кодированные данные о монографическом текстовом документе a |||||||||
200 1# - ЗАГЛАВИЕ И СВЕДЕНИЯ ОБ ОТВЕТСТВЕННОСТИ
Основное заглавие Сборник информационных листков холодного, метательного оружия и изделий, конструктивно сходных с таким оружием, прошедших сертификационные криминалистические испытания в 1999 году
Первые сведения об ответственности М-во внутрен. дел Рос. Федерации, Гос. учреждение "Эксперт.-криминалист. центр М-ва внутрен. дел Рос. Федерации"
210 ## - ПУБЛИКАЦИЯ, РАСПРОСТРАНЕНИЕ И ДР.
Место издания, распространения и т.д. М.
Имя издателя, распространителя и т. д. ГУ ЭКЦ МВД России
Дата издания, распространения и т.д. 2000
215 ## - ФИЗИЧЕСКАЯ ХАРАКТЕРИСТИКА
Специфическое обозначение материала и объем 336 с.
Другие сведения о физической характеристике ил.
606 0# - НАИМЕНОВАНИЕ ТЕМЫ КАК ПРЕДМЕТ
Наименование темы Оружие холодное
Формальный подзаголовок Справочники
Тематический подзаголовок Криминалистическая экспертиза
Географический подзаголовок Российская Федерация
Системный номер авторитетной/нормативной записи 2155447
Идентификатор авторитетной/нормативной записи RU\NLR\auth\661297657
606 0# - НАИМЕНОВАНИЕ ТЕМЫ КАК ПРЕДМЕТ
Наименование темы Холодное оружие
Формальный подзаголовок Справочники
Тематический подзаголовок Криминалистическая экспертиза
Географический подзаголовок Российская Федерация
Системный номер авторитетной/нормативной записи 2156467
Идентификатор авторитетной/нормативной записи RU\NLR\auth\661298187
606 0# - НАИМЕНОВАНИЕ ТЕМЫ КАК ПРЕДМЕТ
Наименование темы Метательное оружие
Формальный подзаголовок Справочники
Тематический подзаголовок Криминалистическая экспертиза
Географический подзаголовок Российская Федерация
Системный номер авторитетной/нормативной записи 2131941
Идентификатор авторитетной/нормативной записи RU\NLR\auth\661286078
610 0# - НЕКОНТРОЛИРУЕМЫЕ ПРЕДМЕТНЫЕ ТЕРМИНЫ
Предметный термин Холодное оружие
675 ## - УНИВЕРСАЛЬНАЯ ДЕСЯТИЧНАЯ КЛАССИФИКАЦИЯ (UDC/УДК)
Индекс 343.98.065:623.444(083.75)
Издание 3
Язык издания rus
686 ## - ИНДЕКСЫ ДРУГИХ КЛАССИФИКАЦИЙ
Индекс 10.77
Код системы
686 ## - ИНДЕКСЫ ДРУГИХ КЛАССИФИКАЦИЙ
Индекс 67.52
Код системы
686 ## - ИНДЕКСЫ ДРУГИХ КЛАССИФИКАЦИЙ
Индекс Х629.414я2
801 #0 - ИСТОЧНИК ЗАПИСИ
Страна российская федерация
Организация RKP
Дата составления 20010913
Правила каталогизации PSBO
801 #1 - ИСТОЧНИК ЗАПИСИ
Страна российская федерация
Организация RKP
Дата составления 20010913
801 #2 - ИСТОЧНИК ЗАПИСИ
Страна российская федерация
Организация NLR
Дата составления 20041228
Правила каталогизации rcr
852 ## - МЕСТОНАХОЖДЕНИЕ И ШИФР ХРАНЕНИЯ
Идентификатор организации NLR
Шифр хранения (Call Number) Пт 100/34
942 ## - ДОПОЛНИТЕЛЬНЫЕ ЭЛЕМЕНТЫ ЗАПИСИ (АБИС)
Тип экземпляра АБИС Книга
980 ## - КОЛЛЕКЦИЯ
Название коллекции Национальная библиография
Экземпляры
Тип экземпляра Дата поступления Источник поступления Библиотека постоянного хранения Библиотека текущего хранения Место хранения Шифр хранения Штрих-код Статус не для выдачи
Книга 03.10.2001 Обязательный экземпляр РНБ (Московский) РНБ (Московский) Фонд нормативно-технических и технических документов Пт 100/34 164789  
Книга 03.10.2001 Обязательный экземпляр РНБ (Московский) РНБ (Московский) Фонд нормативно-технических и технических документов Пт 100/34 164790